Memoria del octavo encuentro nacional de escuelas campesinas : (Record no. 104352)
[ view plain ]
| 000 -CABECERA | |
|---|---|
| campo de control de longitud fija | 01211nam a2200337 a 4500 |
| 001 - NÚMERO DE CONTROL | |
| campo de control | 000107890 |
| 003 - IDENTIFICADOR DEL NÚMERO DE CONTROL | |
| campo de control | CHAP |
| 005 - FECHA Y HORA DE LA ÚLTIMA TRANSACCIÓN | |
| campo de control | 20220329143948.0 |
| 008 - DATOS DE LONGITUD FIJA--INFORMACIÓN GENERAL | |
| campo de control de longitud fija | 131114s2012 mx a |r| |1|||||spa d |
| 010 ## - NÚMERO DE CONTROL DE LA BIBLIOTECA DEL CONGRESO | |
| Número de control de LC | 104352 |
| 011 ## - ENLACE DEL NUMERO DE CONTROL DE LA BIBLIOTECA DEL CONGRESO [OBSOLETO] | |
| Número de control de LC | 105324 |
| 020 ## - NÚMERO INTERNACIONAL ESTÁNDAR DEL LIBRO | |
| Número Internacional Estándar del Libro | 9786071202499 |
| 040 ## - FUENTE DE LA CATALOGACIÓN | |
| Centro/agencia transcriptor | CHAP |
| 082 04 - NÚMERO DE LA CLASIFICACIÓN DECIMAL DEWEY | |
| Número de clasificación | 630.71097244 |
| Número de documento/Ítem | E56 2010 |
| 111 20 - ENTRADA PRINCIPAL--NOMBRE DE CONGRESO/REUNIÓN | |
| Nombre de congreso/reunión o jurisdicción como elemento de entrada | Encuentro Nacional de Escuelas Campesinas |
| Número del congreso/reunión o número de parte o sección | (8 : |
| Fecha del congreso/reunión | 2010 : |
| Sede del congreso/Lugar de la reunión | San Luis Potosí, S.L.P.) |
| 9 (RLIN) | 124620 |
| 245 10 - MENCIÓN DE TÍTULO | |
| Título | Memoria del octavo encuentro nacional de escuelas campesinas : |
| Resto del título | compartiendo agri-culturas de la Huasteca Potosina / |
| Mención de responsabilidad, etc. | coordinado y editado por Bernardino Mata García. |
| 260 ## - PUBLICACIÓN, DISTRIBUCIÓN, ETC. | |
| Lugar de publicación, distribución, etc. | Chapingo, Méx. : |
| Nombre del editor, distribuidor, etc. | UACH, |
| Fecha de publicación, distribución, etc. | 2012. |
| 300 ## - DESCRIPCIÓN FÍSICA | |
| Extensión | 151 p. : |
| Otras características físicas | il. |
| 590 ## - NOTA LOCAL (RLIN) | |
| Nota local | BATCH-UPD |
| Procedencia (VM) [OBSOLETO] | 05 |
| Condición del los carretes individuales (VM) [OBSOLETO] | 20131114 |
| -- | UCH01 |
| -- | 1249 |
| 590 ## - NOTA LOCAL (RLIN) | |
| Nota local | BATCH-UPD |
| Procedencia (VM) [OBSOLETO] | 05 |
| Condición del los carretes individuales (VM) [OBSOLETO] | 20131118 |
| -- | UCH01 |
| -- | 0959 |
| 590 ## - NOTA LOCAL (RLIN) | |
| Nota local | E6096MTM |
| Procedencia (VM) [OBSOLETO] | 05 |
| Condición del los carretes individuales (VM) [OBSOLETO] | 20131114 |
| -- | UCH01 |
| -- | 1248 |
| 590 ## - NOTA LOCAL (RLIN) | |
| Nota local | E6096MTM |
| Procedencia (VM) [OBSOLETO] | 05 |
| Condición del los carretes individuales (VM) [OBSOLETO] | 20131114 |
| -- | UCH01 |
| -- | 1303 |
| 650 14 - PUNTO DE ACCESO ADICIONAL DE MATERIA--TÉRMINO DE MATERIA | |
| Término de materia o nombre geográfico como elemento de entrada | Educación agrícola |
| Subdivisión general | Congresos. |
| 9 (RLIN) | 35504 |
| 650 14 - PUNTO DE ACCESO ADICIONAL DE MATERIA--TÉRMINO DE MATERIA | |
| Término de materia o nombre geográfico como elemento de entrada | Educación rural. |
| 9 (RLIN) | 35586 |
| 650 14 - PUNTO DE ACCESO ADICIONAL DE MATERIA--TÉRMINO DE MATERIA | |
| Término de materia o nombre geográfico como elemento de entrada | Escuelas agrícolas |
| Subdivisión general | Congresos. |
| 9 (RLIN) | 37628 |
| 650 14 - PUNTO DE ACCESO ADICIONAL DE MATERIA--TÉRMINO DE MATERIA | |
| Término de materia o nombre geográfico como elemento de entrada | Extensión agrícola. |
| 9 (RLIN) | 39144 |
| 700 0# - PUNTO DE ACCESO ADICIONAL--NOMBRE DE PERSONA | |
| Nombre de persona | Mata García, Bernardino |
| Término indicativo de función/relación | coord. y ed. |
| 9 (RLIN) | 72863 |
| 901 ## - ELEMENTOS DE DATOS A LOCAL LDA (RLIN) | |
| a | BK |
| 942 ## - ELEMENTOS DE PUNTO DE ACCESO ADICIONAL (KOHA) | |
| Tipo de ítem Koha | Libro |
| 942 ## - ELEMENTOS DE PUNTO DE ACCESO ADICIONAL (KOHA) | |
| Suprimir en OPAC | 0 |
| Estado de retiro | Estado de pérdida | Fuente del sistema de clasificación o colocación | Estado dañado | Restricciones de uso | No para préstamo | Código de colección | Localización permanente | Ubicación/localización actual | Ubicación en estantería | Fecha de adquisición | Fuente de adquisición | Información codificada de la localización en otra ubicación | Total de préstamos | Signatura topográfica completa | Código de barras | Fecha visto por última vez | Número de copia | Precio válido a partir de | Tipo de ítem Koha |
|---|---|---|---|---|---|---|---|---|---|---|---|---|---|---|---|---|---|---|---|
| Dewey Decimal Classification | Préstamo interno | Congresos | Biblioteca Central | Biblioteca Central | Planta alta - Área de Tesis - Congresos | 19/11/2013 | 33724002383868 | LIBRO | 630.71097244 E56 2010 | 33724002383900 | 31/12/2019 | c.2 | 19/11/2013 | Libro | |||||
| Dewey Decimal Classification | Préstamo 15 días | General | Biblioteca Central | Biblioteca Central | Planta principal - Colección General | 19/11/2013 | LIBRO | 630.71097244 E56 2010 | 33724002383876 | 31/12/2019 | c.3 | 31/12/2019 | Libro | ||||||
| Dewey Decimal Classification | Préstamo 15 días | General | Biblioteca Central | Biblioteca Central | Planta principal - Colección General | 19/11/2013 | LIBRO | 630.71097244 E56 2010 | 33724002383884 | 31/12/2019 | c.4 | 31/12/2019 | Libro | ||||||
| Dewey Decimal Classification | Préstamo 15 días | General | Biblioteca Central | Biblioteca Central | Planta principal - Colección General | 19/11/2013 | LIBRO | 630.71097244 E56 2010 | 33724002383892 | 31/12/2019 | c.5 | 31/12/2019 | Libro | ||||||
| Préstamo interno | Publicaciones UACh | Biblioteca Central | Biblioteca Central | Planta alta - Área de Tesis - UACh | 14/11/2013 | LIBRO | 630.71097244 E56 2010 | 33724002349470 | 31/12/2019 | 14/11/2013 | Libro |
